000 00811cam a22002054a 4500
005 20250605164238.0
008 250528s ||||||||||||||||||||||||d
035 _a21217
020 _a9781587132056
040 _aGR-AtMCL
_bgre
_dGR-AtMCL
_eAACR2
245 1 _aAccessing the WAN / CCNA Exploration Companion Guide
260 _bCisco Press,
_c2008
300 _a682
520 _aThis course discusses the WAN technologies and network services required by converged applications in enterprise networks. Includes CD-ROM. Introduction to WANs, PPP, Frame Relay, Network Security, ACLs, Teleworker Services, IP A dressing Services, Network Troubleshooting, Appendix, Glossary, Index.
700 1 _aGraziani Rick
_96975
700 1 _aVachon Bob
_96976
942 _cBK
999 _c6284
_d6284